ARRUPE JESUIT UNIVERSITY

CORONAVIRUS -STOP THE SPREAD - CLEAN,DISINFECT,COVER

Culture, language and personality (Record no. 32)

MARC details
000 -LEADER
fixed length control field 00529nam a2200217Ia 4500
003 - CONTROL NUMBER IDENTIFIER
control field 0100
008 - FIXED-LENGTH DATA ELEMENTS--GENERAL INFORMATION
fixed length control field 130227s9999 xx 000 0 und d
040 ## - CATALOGING SOURCE
Transcribing agency ARRUPELIB
050 ## - LIBRARY OF CONGRESS CALL NUMBER
Classification number P27.S33
100 ## - MAIN ENTRY--PERSONAL NAME
Personal name Sapir, Edward
245 ## - TITLE STATEMENT
Title Culture, language and personality
245 ## - TITLE STATEMENT
Remainder of title selected essays
260 ## - PUBLICATION, DISTRIBUTION, ETC. (IMPRINT)
Place of publication, distribution, etc Berkeley
260 ## - PUBLICATION, DISTRIBUTION, ETC. (IMPRINT)
Name of publisher, distributor, etc University of California Press
260 ## - PUBLICATION, DISTRIBUTION, ETC. (IMPRINT)
-- 1964
300 ## - PHYSICAL DESCRIPTION
Extent ix
300 ## - PHYSICAL DESCRIPTION
Other physical details 207p 18cm
650 ## - SUBJECT ADDED ENTRY--TOPICAL TERM
Topical term following geographic name as entry element Shaw, George Bernard
700 ## - ADDED ENTRY--PERSONAL NAME
Personal name Mandelbaum, David Goodman (ed)
942 ## - ADDED ENTRY ELEMENTS (KOHA)
Source of classification or shelving scheme Library of Congress Classification
Koha issues (borrowed), all copies 2
Holdings
Withdrawn status Lost status Source of classification or shelving scheme Damaged status Not for loan Collection code Home library Current library Shelving location Date acquired Total Checkouts Full call number Barcode Date last seen Date last borrowed Copy number Price effective from Koha item type
    Library of Congress Classification     Main Collection ARRUPE LIBRARY ARRUPE LIBRARY   27/02/2013 2 P27.S33 46400323 26/02/2019 18/02/2015 1 27/02/2013 Monograph ( Printed materials)

 

Arrupe Library. PO Box MP320 Mt Pleasant, Harare, Zimbabwe
263 242 745411|librarian@aju.ac.zw